000
00248nam a2200121Ia 4500
100
_a
Cicilioni R
942
_c
BK
654
_a
Computer
245
_a
Lotus 1-2-3-: A Tutorial
260
_b
Jaico
_a
Bombay
_c
1994
546
_a
ENGLISH
999
_c
22073
_d
22073